000 00580nam a2200229Ia 4500
003 OSt
005 20220924143352.0
006 a|||||r|||| 00| 0
007 ta
008 220923b |||||||| |||| 00| 0 urd d
024 _a307880
037 _cTextual
040 _aARTS
_cARTS
_burd
041 _2urd
_aurd
082 _aDelta73xE78,1, 168K9
100 _aTariq Abdurrehman
245 0 _aFutuhul ghalib
260 _c1969
650 _aSPIRurdALISM
942 _hDelta73xE78,1, 168K9
_cTEXL
_2CC
999 _c454188
_d454188